| 000 | 00400nam a22001337a 4500 | ||
|---|---|---|---|
| 082 |
_a621.3 _bCHA _cL-9, P-50 |
||
| 100 |
_aChapman, K.S. _941069 |
||
| 245 |
_aWorked examples in advanced electrical engineering _cK.S. Chapman |
||
| 260 |
_aLondon _bWilliam Clowes and Sons Limited _c1964 |
||
| 300 | _aix, 158.p: | ||
| 526 |
_a0 _b0 _c0 _d621_300000000000000_CHA |
||
| 650 |
_aMCE _9379 |
||
| 942 |
_2ddc _cBK |
||
| 999 |
_c545264 _d545264 |
||